Convolutional neural network to determinate plant moisture index

Salvato in:
Dettagli Bibliografici
Autore principale: Silný, Ľubomír (Autore)
Altri autori: Kataieva, Yevheniia (Relatore della tesi)
Natura: Manoscritto Libro
Lingua:slovacco
inglese
Pubblicazione: 2025
Soggetti:
Accesso online:http://is.stuba.sk/zp/portal_zp.pl?podrobnosti=184064
Tags: Aggiungi Tag
Nessun Tag, puoi essere il primo ad aggiungerne!!

MARC

LEADER 00000ntm a22000003a 4500
001 stuzp105800
003 SK-STU
005 20250607211644.5
007 ta
008 150427s2015----xo-----f-mn---000-0-slo-d
040 |a STU  |b slo 
041 0 |a eng 
100 1 |a Silný, Ľubomír  |u 070200  |k Z4  |4 aut  |U FIIT Fakulta informatiky a informačných technológií  |T FIIT Ústav informatiky, informačných systémov a softvérového inžinierstva  |X 110891  |U I200  |Y 179  |7 110891 
242 0 1 |a Konvolučná neurónová sieť na zistenie vlhkosti rastlín  |y slo 
245 1 0 |a Convolutional neural network to determinate plant moisture index 
260 |c 2025 
650 4 |a satellite images  |2 eng 
650 4 |a moisture index  |2 eng 
650 4 |a CNN  |2 eng 
650 4 |a satelitné snímky  |2 slo 
650 4 |a vlhkosť pôdy  |2 slo 
650 4 |a CNN  |2 slo 
700 1 |a Kataieva, Yevheniia  |4 ths  |X 119627  |7 119627 
856 4 |u http://is.stuba.sk/zp/portal_zp.pl?podrobnosti=184064